[Event "World Amateur-ch U2000"]
[Site "Muscat"]
[Date "2023.11.10"]
[Round "9.3"]
[White "Fandi, Mazen"]
[Black "Heinichen Rodas, John Derek"]
[Result "1/2-1/2"]
[WhiteElo "1790"]
[BlackElo "1951"]
[PlyCount "121"]
[EventDate "2023.11.02"]
[EventType "swiss"]
[EventRounds "9"]
[EventCountry "OMN"]
[SourceTitle "CB46_2023"]
[SourceDate "2023.11.15"]
[SourceVersion "1"]
[SourceVersionDate "2023.11.15"]
[SourceQuality "1"]

1. e4 e6 2. d4 d5 3. exd5 exd5 4. Bd3 Nc6 5. c3 Bd6 6. Nf3 Nge7 7. 0-0 Bg4 8. Be3 Qd7 9. b4 Nf5 10. h3 Bh5 11. b5 Nce7 12. Nbd2 f6 13. c4 dxc4 14. Bxc4 Nxe3 15. fxe3 0-0-0 16. Qb3 Kb8 17. a4 Bg6 18. Be6 Qe8 19. a5 Bf5 20. Bxf5 Nxf5 21. Nc4 Qe6 22. Rab1 Rhe8 23. Rfe1 Bg3 24. b6 cxb6 25. axb6 a6 26. Re2 Nxd4 27. Nxd4 Qe4 28. Nd2 Qg6 29. N2f3 Bd6 30. Rc1 Rc8 31. Rec2 Rcd8 32. Rc4 f5 33. Kh1 f4 34. exf4 Re4 35. f5 Qe8 36. Ne6 Rxc4 37. Qxc4 Rc8 38. Qxc8+ Qxc8 39. Rxc8+ Kxc8 40. Kg1 a5 41. Nd2 Bb4 42. Nc4 Kd7 43. Nxg7 a4 44. Kf1 a3 45. Nxa3 Bxa3 46. Ke2 Bc5 47. Kd3 Bxb6 48. Ke4 Ke7 49. g4 Ba5 50. g5 Bc3 51. Ne6 b5 52. Nc7 Bd2 53. Nxb5 Bxg5 54. Nc3 Bc1 55. h4 Kf7 56. Ne2 Bb2 57. Ng1 Kg7 58. Kf4 Kf6 59. Nf3 h5 60. Ng5 Be5+ 61. Ke4 1/2-1/2